| 000 | 00777nam a2200229 i 4500 | ||
|---|---|---|---|
| 001 | 172061 | ||
| 003 | ES-MaACL | ||
| 005 | 20250808062824.0 | ||
| 008 | 090612s1990 sp |||| | spa d | ||
| 017 | _aM 9373-1990 | ||
| 020 | _a84-220-1361-4 | ||
| 245 | 0 | 4 |
_aLos filósofos del Renacimiento _b: selección de textos / _cpor Clemente Fernández. |
| 260 |
_aMadrid : _bBiblioteca de Autores Cristianos, _c1990. |
||
| 300 |
_aXIII, 627 p., 1 h. ; _c20 cm. |
||
| 490 | 1 |
_aBiblioteca de autores cristianos ; _v506 |
|
| 500 | _aÍndices. | ||
| 504 | _aIncluye información bibliográfica. | ||
| 700 | 0 |
_aFernández, Clemente _c, (S.I.) _949347 |
|
| 830 | 0 | 0 |
_aBiblioteca de autores cristianos _v506 _9178679 |
| 852 |
_aES-MaACL _jJ-493 _9R.46092 |
||
| 999 |
_c172061 _d172061 |
||